| 000 | 00913nam a2200253 a 4500 | ||
|---|---|---|---|
| 005 | 20240925064300.0 | ||
| 008 | 991125s1980 mad 000 0 spa u | ||
| 020 | _a8426904076 | ||
| 035 | _aUPN01000050025 | ||
| 049 | _aCG | ||
| 050 | 4 |
_aLB1033 _bR6.68 |
|
| 100 | 1 |
_aRosenthal, Robert, _d1946- |
|
| 245 | 1 | 0 |
_aPygmalion en la escuela : _bexpectativas del maestro y desarrollo intelectual del alumno / _cRobert Rosenthal, Leonore Jacobson ; tr. María José Díaz. |
| 260 |
_aMadrid : _bMarova, _c1980. |
||
| 300 | _a286 p. | ||
| 440 | 0 |
_aBiblioteca Marova de estudios del hombre ; _v45 |
|
| 590 | _a(También localizas un ejemplar en el "Area de Reserva") | ||
| 590 | _aBibliografía Básica (BGTQ) | ||
| 650 | 4 |
_aEducación _xMétodos experimentales _95868 |
|
| 650 | 4 |
_aNiño, Estudio del _9221 |
|
| 650 | 4 |
_aRelación maestro-estudiante _94168 |
|
| 700 | 1 |
_aJacobson, Leonore, _ecoaut. |
|
| 905 | _aLibro | ||
| 999 |
_c50025 _d50025 |
||